| 000 | 00776nam a2200229Ii 4500 | ||
|---|---|---|---|
| 003 | JO-AjNU | ||
| 008 | 230605s9999||||xx |||||||||||||| ||und|| | ||
| 017 | _a2006/7/1843 | ||
| 020 | _a9957-09-250-4 | ||
| 040 |
_aJO-AjNU _bara _erda _cJO-AjNU |
||
| 041 | _aara | ||
| 050 | 1 | 4 | _aPJ7577.S42 2006 |
| 100 | 3 |
_aالشحات،محمد, _eauthor _923624 |
|
| 245 | 0 | 0 | _aسرديات المنفى الرواية العربية بعد عام 1969 |
| 250 | _aط3 | ||
| 264 | 3 | 1 | _aعمان:أزمنة للنشر والتوزيع،2008 |
| 300 | _a271ص | ||
| 336 |
_atext _btxt _2rdacontent |
||
| 337 |
_aunmediated _bn _2rdamedia |
||
| 338 |
_avolume _bnc _2rdacarrier |
||
| 650 | 4 |
_aالقومية العربية - قصص - القصة العربية - تاريخ ونقد _923625 |
|
| 999 |
_aA8573 _c12141 _d12141 |
||